00717nam a2200253 a 450000100060000000300080000600500170001400800410003102000150007203500190008703500140010604000320012004100080015208200210016010000230018124500890020425000130029326000460030630000280035250400200038065000300040065000170043065000160044733594BD-RjUL20211209052030.0140510s1975 enk 001 0 eng d a0710082649 a(BD-RjUL)33685 a(BD-RjUL) aQMSbengcQMSdQMSdBD-RjUL aeng a302.35bMOO 19751 aMouzelis, Nicos P.10aOrganisation and bureaucracy :ban analysis of modern theories /cNicos P. Mouzelis. aRev. ed. aLondon :bRoutledge & Kegan Paul,cc1975. axxxiv, 234 p. ;c22 cm. aIncludes index. 0aOrganizational sociology. 0aBureaucracy. 0aManagement.